000 00468nam a2200193Ia 4500
008 170918s9999 xx 000 0 und d
020 _a590478370
050 _bW674 1993
100 _aWildsmith, Brian
245 _aWake up, wake up! /
245 _cBrian Wildsmith and Rebecca Widsmith.
260 _aNew York :
260 _bScholastic,
260 _c1993
300 _aunpaged :
300 _bcolored illustration ;
300 _c16cm.
500 _a810
999 _c342167
_d342167